Practical field surveying and computations (Record no. 94609)

MARC details
000 -LEADER
fixed length control field 00500cam a2200205 4500
008 - FIXED-LENGTH DATA ELEMENTS--GENERAL INFORMATION
fixed length control field 090401t1968 xxu||||| |||| 00| 0 eng d
020 ## - INTERNATIONAL STANDARD BOOK NUMBER
International Standard Book Number 0434900613
035 ## - SYSTEM CONTROL NUMBER
System control number (Sirsi) u63819
041 ## - LANGUAGE CODE
Language code of text/sound track or separate title eng
050 ## - LIBRARY OF CONGRESS CALL NUMBER
Classification number 526.9
100 ## - MAIN ENTRY--PERSONAL NAME
Personal name Allan, A.L.
245 ## - TITLE STATEMENT
Title Practical field surveying and computations
260 ## - PUBLICATION, DISTRIBUTION, ETC.
Place of publication, distribution, etc. London
Name of publisher, distributor, etc. Heinemann
Date of publication, distribution, etc. 1968
300 ## - PHYSICAL DESCRIPTION
Extent xvi. 689p. illus. 24cm
350 ## - PRICE (NR) (BK AM CF MU VM SE) [OBSOLETE]
Price 9.5
700 ## - ADDED ENTRY--PERSONAL NAME
Personal name Hollwey, J.R.
700 ## - ADDED ENTRY--PERSONAL NAME
Personal name Maynes, J.H.B.
942 ## - ADDED ENTRY ELEMENTS (KOHA)
Suppress in OPAC 0
948 ## - LOCAL PROCESSING INFORMATION (OCLC); SERIES PART DESIGNATOR (RLIN)
c (OCLC) 04/03/1997
Holdings
Withdrawn status Lost status Source of classification or shelving scheme Damaged status Not for loan Home library Current library Shelving location Date acquired Cost, normal purchase price Total Checkouts Full call number Barcode Date last seen Copy number Cost, replacement price Price effective from Koha item type
    Dewey Decimal Classification     London London Basement 14/09/1999 9.50   SHELF 113 30016690 06/08/2019 1 9.50 06/08/2019 Book